| 000 | 00370nam a2200133Ia 4500 | ||
|---|---|---|---|
| 008 | 231017s9999 xx 000 0 und d | ||
| 082 | _a388.40994 | ||
| 082 | _bROS | ||
| 245 | 0 | _aAustroads Research Report: A Framework for Appraisal and Evaluation of Travel Demand Management Measures | |
| 245 | 0 | _cAUSTROADS | |
| 260 | _bAUSTROADS | ||
| 300 | _c30cm | ||
| 942 | _cREP | ||
| 999 |
_c604187 _d604187 |
||